Donizetti stále aktuálny-?

Bibliographic Details
Main Author: Šišková, Ingeborg, 1940- (Author)
Format: Article
Language:Slovak
PhysicalDescription:Fotogr.
Subjects:

MARC

LEADER 00000nab a2200000 a 4500
001 vtls000665168
003 SK-MaSNL
005 20260304094929.0
008 250425c1998 xo 0 slo
015 |a SNBRB1998/06-17450 
035 |a CLN000017354 
035 |a urn:nbn:sk:snk-ab22q4 
035 |a (urnnbn)urn:nbn:sk:snk:ar-a01glj 
035 |a (uuid)019ff874-8c9d-4529-8068-2f7ae7ce68ae 
040 |a SNKBUCL  |b slo  |c SNKBUCL  |e AACR2 
041 0 |a slo 
044 |a xo  |c SK 
080 |a 78.071.1  |2 1981 
080 |a 929 Donizetti, Gaetano  |2 1997 
100 1 |a Šišková, Ingeborg,  |d 1940-  |4 aut  |9 7152 
245 1 0 |a Donizetti stále aktuálny-?  |c Ingeborg Šišková 
300 |b Fotogr. 
600 1 7 |a Donizetti, Gaetano,  |d 1797-1848  |2 snkbucl  |9 233660 
773 0 |t Hudobný život '98  |g Roč. 30, č. 12 (1998), s. 6 
850 |a Slovenská národná knižnica 
852 |a Slovenská národná knižnica 
954 |a odborná, vedecká literatúra pôvodná (slovenská)  |2 lita 
958 |a article27 
958 |a OND 
958 |a IT 
958 |a BC 
958 |a EUIPO 
999 |c 2829758  |d 2831688